Movies Cut Off At 'O' Quiz Stats

 Plays Quiz Updated Oct 2, 2018

Challenge
Share
Tweet
Embed
Score 0/30 Timer 06:00
5 Plays Today
Cut Off at O Movie Title % Correct
SLUMDOG MILLIONAIRE
96.3%
MEET THE FOCKERS
93.2%
A FEW GOOD MEN
92.5%
DAZED AND CONFUSED
90.9%
THE 40 YEAROLD VIRGIN
88.3%
FRIED GREEN TOMATOES
86.9%
RATATOUILLE
85.4%
DIAL 'M' FOR MURDER
85.3%
V FOR VENDETTA
84.7%
TRAINSPOTTING
82.2%
I, ROBOT
81.7%
BLADESOF GLORY
80.9%
3:10 TO YUMA
79.7%
THAT THING YOU DO!
79.4%
CHARLIE WILSON'S WAR
76.8%
Cut Off at O Movie Title % Correct
THE CIDER HOUSE RULES
75.3%
BEE MOVIE
75%
MIGHTY APHRODITE
74.1%
THE LAST KINGOF SCOTLAND
72.9%
TWELVE MONKEYS
69.8%
CARLITO'S WAY
67.4%
WATER FOR ELEPHANTS
67.3%
DIRTY ROTTEN SCOUNDRELS
61.9%
SHREK FOREVER AFTER
60.6%
TEAM AMERICA: WORLD POLICE
50.8%
BATTLESHIP POTEMKIN
31.5%
THE PURPLE ROSE OF CAIRO
31%
JEFF, WHO LIVES AT HOME
29.9%
PATHSOF GLORY
29.4%
FAREWELL MY CONCUBINE
21%

You're not logged in!

Compare scores with friends on all Sporcle quizzes.
Join for Free
OR
Log In

You Might Also Like...

Show Comments

Extras

Top Quizzes Today


Score Distribution

Your Account Isn't Verified!

In order to create a playlist on Sporcle, you need to verify the email address you used during registration. Go to your Sporcle Settings to finish the process.

Report this User

Report this user for behavior that violates our Community Guidelines.

Details: